[Event "OP-2021-0-05105"]
[Site "LSS email"]
[Date "2021.02.20"]
[Round "?"]
[White "Cremerius, Armin"]
[Black "Ermolov, Egor"]
[Result "1-0"]
[WhiteElo "2235"]
[BlackElo "1800"]
[PlyCount "33"]
[EventDate "2021.02.20"]
[EventType "tourn (corr)"]
[EventRounds "4"]
[EventCountry "GER"]
[SourceTitle "Corr 2024"]
[Source "ChessBase"]
[SourceDate "2023.10.19"]
[SourceVersion "1"]
[SourceVersionDate "2023.10.19"]
[SourceQuality "1"]

1. d4 d5 2. Bf4 Nf6 3. e3 Nc6 4. Nf3 Bg4 5. Nbd2 e6 6. c3 Bd6 7. Qb3 Qc8 8. Bg5 e5 9. Bxf6 gxf6 10. Qxd5 Be6 11. Qe4 Bf5 12. Qh4 Qd8 13. Ne4 Bxe4 14. Qxe4 Qe7 15. Bb5 Qd7 16. d5 f5 17. Qh4 1-0

[Event "DSOL 06 Liga Gr-B 1st"]
[Site "Playchess.com INT"]
[Date "2020.06.26"]
[Round "1.4"]
[White "Craveiro, Daniel"]
[Black "Cremerius, Armin"]
[Result "0-1"]
[WhiteElo "1531"]
[BlackElo "1542"]
[PlyCount "53"]
[EventDate "2020.06.22"]
[EventType "team-tourn (rapid)"]
[EventCountry "GER"]
[SourceTitle "EXT 2021"]
[Source "ChessBase"]
[SourceDate "2020.10.23"]
[SourceVersion "1"]
[SourceVersionDate "2020.10.23"]
[SourceQuality "1"]
[WhiteTeam "Hamburger SK VII"]
[BlackTeam "Essen Katernberg II"]
[WhiteTeamCountry "GER"]
[BlackTeamCountry "GER"]

1. c4 Nf6 2. d4 e6 3. Bg5 c5 4. d5 exd5 5. cxd5 d6 6. Nf3 g6 7. Nc3 Bg7 8. e4 0-0 9. Bd3 Re8 10. 0-0 a6 11. a4 h6 12. Bd2 b6 13. Qc2 Ra7 14. Rab1 Rae7 15. b4 c4 16. Bxc4 Nxe4 17. Nxe4 Rxe4 18. Bd3 R4e7 19. Rfe1 Rxe1+ 20. Rxe1 Rxe1+ 21. Bxe1 Bb7 22. Bc4 Nd7 23. Qd3 Qa8 24. b5 axb5 25. Bxb5 Nc5 26. Qd1 Bxd5 27. Nd4 0-1

[Event "GER CCM-E02-C email"]
[Site "GER email"]
[Date "2018.06.19"]
[Round "?"]
[White "Gavrijski, Dimitar"]
[Black "Cremerius, Armin"]
[Result "1/2-1/2"]
[WhiteElo "2137"]
[BlackElo "2076"]
[PlyCount "70"]
[EventDate "2018.??.??"]
[EventType "tourn (corr)"]
[EventRounds "13"]
[EventCountry "GER"]
[SourceTitle "Corr 2020"]
[Source "ChessBase"]
[SourceDate "2019.09.30"]
[SourceVersion "1"]
[SourceVersionDate "2019.09.30"]
[SourceQuality "1"]

1. d4 Nf6 2. c4 g6 3. g3 Bg7 4. Bg2 0-0 5. Nc3 c5 6. d5 d6 7. Nf3 e6 8. 0-0 exd5 9. cxd5 a6 10. a4 Re8 11. Nd2 Nbd7 12. h3 Rb8 13. Nc4 Ne5 14. Na3 Nh5 15. e4 Bd7 16. a5 Qxa5 17. g4 Nf6 18. f4 Nexg4 19. hxg4 Nxg4 20. f5 Ne5 21. f6 Bh8 22. Bf4 Bxf6 23. Nc4 Qd8 24. Nxd6 Rf8 25. Kh1 Bg4 26. Bxe5 Bxe5 27. Qxg4 Qxd6 28. Nd1 b5 29. Ra3 Bg7 30. Qh4 c4 31. Rh3 h5 32. Ne3 Rfe8 33. Nf5 gxf5 34. Rg3 Rb6 35. Rxf5 Qh6 1/2-1/2

[Event "GER CCM-E02-C email"]
[Site "GER email"]
[Date "2018.06.19"]
[Round "?"]
[White "Rihtaric, Ivan"]
[Black "Cremerius, Armin"]
[Result "1/2-1/2"]
[WhiteElo "2082"]
[BlackElo "2076"]
[PlyCount "80"]
[EventDate "2018.??.??"]
[EventType "tourn (corr)"]
[EventRounds "13"]
[EventCountry "GER"]
[SourceTitle "Corr 2020"]
[Source "ChessBase"]
[SourceDate "2019.09.30"]
[SourceVersion "1"]
[SourceVersionDate "2019.09.30"]
[SourceQuality "1"]

1. e4 e5 2. Nf3 Nc6 3. Bb5 a6 4. Bxc6 dxc6 5. 0-0 f6 6. d4 exd4 7. Nxd4 c5 8. Ne2 Qxd1 9. Rxd1 Bd7 10. Bf4 0-0-0 11. Nbc3 g5 12. Be3 Bd6 13. Nd5 Bc6 14. c4 Re8 15. Nec3 Bxd5 16. cxd5 h5 17. Rac1 b6 18. f3 Nh6 19. a4 Nf7 20. Rc2 Ne5 21. b3 Rhg8 22. h3 g4 23. hxg4 Kd7 24. g5 fxg5 25. Kf2 h4 26. Rh1 Ref8 27. Ke2 Rh8 28. Bxg5 h3 29. Rxh3 Rxh3 30. gxh3 Rxf3 31. h4 Rh3 32. Bf6 Rh2+ 33. Kd1 Rh1+ 34. Ke2 Rh3 35. Bxe5 Bxe5 36. Nb1 Bd4 37. Nd2 Rxh4 38. Rc1 Rh2+ 39. Kd3 Rh3+ 40. Kc2 Rc3+ 1/2-1/2